A record of buddhist kingdoms : (Record no. 128189)

MARC details
000 -LEADER
fixed length control field 00850nam a22002297a 4500
005 - DATE AND TIME OF LATEST TRANSACTION
control field 20170124110036.0
010 ## - LIBRARY OF CONGRESS CONTROL NUMBER
LC control number A-540974
020 ## - INTERNATIONAL STANDARD BOOK NUMBER
Terms of availability 00.00
International Standard Book Number 8121505168
035 ## - SYSTEM CONTROL NUMBER
System control number A-540974
037 ## - SOURCE OF ACQUISITION
Source of stock number/acquisition Cen Lib/Ret
040 ## - CATALOGING SOURCE
Original cataloging agency dpl
Language of cataloging EN
082 ## - DEWEY DECIMAL CLASSIFICATION NUMBER
Classification number 915.4
Item number REC
245 ## - TITLE STATEMENT
Title A record of buddhist kingdoms :
Statement of responsibility, etc translated by James Legge
Remainder of title being an account by the chinese monk Fa-Hein of travels in India and ceylon (AD 399-414) in search of the buddhidt books of discipline /
260 ## - PUBLICATION, DISTRIBUTION, ETC. (IMPRINT)
Name of publisher, distributor, etc Munshiram Manoharlal Publishers Pvt. Ltd.
Place of publication, distribution, etc New Delhi
Date of publication, distribution, etc 1991
270 ## - ADDRESS
Address Post Box 5715, 54 Rani Jhanshi Road
City New Delhi
Postal code 110055
300 ## - PHYSICAL DESCRIPTION
Extent 123p. :
Dimensions 20cm(Hb)
Other physical details ill.
500 ## - GENERAL NOTE
General note Includes index
650 ## - SUBJECT ADDED ENTRY--TOPICAL TERM
Topical term or geographic name as entry element Buddhism.
9 (RLIN) 1068
650 ## - SUBJECT ADDED ENTRY--TOPICAL TERM
Topical term or geographic name as entry element Kingdoms of Buddhist.
9 (RLIN) 22654
700 ## - ADDED ENTRY--PERSONAL NAME
Personal name Legge, James
9 (RLIN) 22655
942 ## - ADDED ENTRY ELEMENTS (KOHA)
Source of classification or shelving scheme Dewey Decimal Classification
Koha item type English Books
Classification part 915.4
Call number suffix REC
Holdings
Withdrawn status Lost status Damaged status Not for loan Home library Current library Date acquired Source of acquisition Cost, normal purchase price Total Checkouts Full call number Barcode Date last seen Copy number Cost, replacement price Price effective from Koha item type
        Central Library Central Library 01/07/2015 Cen Lib/Ret 0.00   915.4 REC A-540974 01/07/2015 1 0.00 01/07/2015 English Books

© Delhi Public Library
Hit Counter
free hit counter